| 000 | 00533nam a2200181 a 4500 | ||
|---|---|---|---|
| 005 | 20210219153535.0 | ||
| 008 | 991125n 000 0 spa u | ||
| 035 | _aUPN01000105542 | ||
| 100 | _aYAGUEZ, Elena | ||
| 222 |
_aEDUCACION Y BIBLIOTECA : _bREVISTA MENSUAL DE DOCUMENTACION Y RECURSOS DIDACTICOS |
||
| 245 | _a¿Bibliotecas escolares o ciencia ficción? | ||
| 300 | _a50-51 | ||
| 362 | _a1996 Año 8, no. 73, nov. | ||
| 653 | 0 | _aBIBLIOTECAS ESCOLARES | |
| 653 | 0 | _aESPAÑA | |
| 904 |
_aAC _b043353 |
||
| 905 | _aArticulo | ||
| 999 |
_c79506 _d79506 |
||